|
|
|
|
| LEADER |
00000nam a2200000 a 4500 |
| 005 |
20120329125747.0 |
| 007 |
cr|||| |||| |
| 008 |
061108s2006 sp |||||| 001 ||spa|c |
| 017 |
|
|
|a DL AB &b 341-2006
|
| 020 |
|
|
|a 8486977398
|
| 035 |
|
|
|a 5828
|
| 040 |
|
|
|a vLex
|
| 090 |
|
|
|c 3095
|d 3095
|
| 100 |
1 |
|
|a Sobrino Gonzl̀ez, Gemma Mara̕
|
| 245 |
1 |
3 |
|a La Polt̕ica de colocacin̤ /
|h [Recurso electrn̤ico]
|c Gemma Mara̕ Sobrino Gonzl̀ez
|
| 256 |
|
|
|a Servicio en ln̕ea
|
| 260 |
|
|
|a Albacete :
|b Bomarzo,
|c cop. 2006
|
| 300 |
|
|
|a 1 recurso en ln̕ea
|
| 504 |
|
|
|a Índice
|
| 504 |
|
|
|a Bibliografa̕
|
| 506 |
|
|
|a Contenido solo disponible en los productos indicados
|d vLex Global
|d vLex Global (Academic Edition, excluding Law Schools)
|d vLex Global (U.S. Academic Edition, Law Schools)
|d vLex Global (U.S. Academic Edition, excluding Law Schools)
|d vLex Global (Academic Edition, Law Schools)
|
| 650 |
0 |
4 |
|a Polt̕ica laboral
|z Espaą
|
| 650 |
0 |
4 |
|a Mercado de trabajo
|z Espaą
|x Aspectos legales
|
| 650 |
0 |
4 |
|a Bs︢queda de trabajo
|z Espaą
|
| 650 |
0 |
4 |
|a Polt̕ica de ocupacin̤
|z Espaą
|
| 740 |
0 |
|
|a vLex Libros (Servicio en ln̕ea)
|
| 856 |
4 |
0 |
|u http://vlex.com/source/politica-colocacion-5828
|z Acceso restrigido
|
| 942 |
|
|
|c BOOK
|
| 999 |
0 |
|
|a Job hunting
|
| 999 |
0 |
|
|a Labor policy
|
| 999 |
0 |
|
|a Labor laws and legislation
|